LEADER 01196nam a2200277 4500 001 000000362187 003 CaOOAMICUS 005 20250320105923.0 008 250319s1994 it 000 u ita r 020 $a88-15-04667-4 040 $aSeMil$bita 245 02$aL'economia al servizio dell'uomo :$bvalori ed efficienza /$ca cura di Siro Lombardini e Antonino Tripoli. 264 1$aBologna :$bIl Mulino,$c1994. 300 $a159 p. ;$c22 cm 490 1 $aTemi e discussioni 650 4$aEconomia e società.$0(OLS)http://semarc/subject/3462 700 1 $aTripoli, Antonino.$0(OLS)http://semarc/name/121723 700 1 $aLombardini, Siro,$d<1924-2013>.$0(OLS)http://semarc/name/5142 830 0$aTemi e discussioni.$0(OLS)http://semarc/title/6883 850 $aSeMil 852 $aSeMil$W1$xVenegono$y1$m3M III 361$j255374$B253121$CSeMilBibl$Z2$F253121 $81 961 $aBuzzi mons. Franco - Omaggio 996 $6020$a88-15-04667-4$9(OLS)http://semarc/number/302794 996 $6245$aL'economia al servizio dell'uomo :$bvalori ed efficienza$9(OLS)http://semarc/title/453070 996 $6264$aBologna :$bIl Mulino$9(OLS)http://semarc/publisher/29842 LEADER 00933nam a2200205 i 4500 001 000000200373 003 CaOOAMICUS 005 20110408000000.0 008 110408s1892 it u000 u ita u 013 $a179071 040 $aSeMil$bita 245 10$aRicordo della messa d'oro del M. R. Sac. D. Gio. B. Colombi parroco di Bornago :$b20 settembre 1891. 260 $aComo :$bDitta C. Franchi di A. Vismara,$c1892. 300 $a22 p. ;$c24 cm. 650 4$aColombi, Giovanni Battista - Celebrativi.$0(OLS)http://semarc/subject/37629 773 0 $t[Opuscoli.$w()24699 850 $aSeMil 852 $aSeMil$W1$xVenegono$y1$m5A II 12/22 FA$j150902$B150902$CSeMilBibl$Z2$F162215 $8I 996 $6245$aRicordo della messa d'oro del M. R. Sac. D. Gio. B. Colombi parroco di Bornago :$b20 settembre 1891$9(OLS)http://semarc/title/289763 996 $6260$aComo :$bDitta C. Franchi di A. Vismara$9(OLS)http://semarc/publisher/51467